| 000 | 02131nam a22003017a 4500 | ||
|---|---|---|---|
| 001 | 121259 | ||
| 008 | 091222s2021 xxk|||||o|||| 00| 0 eng | | ||
| 020 | _a9781783214082 | ||
| 041 | _aeng | ||
| 110 | _aRoyal Institution of Chartered Surveyors | ||
| 245 |
_aBoundaries: procedures for boundary identification, demarcation and dispute resolution, _bRICS professional standard _h[electronic resource] |
||
| 250 | _a4th | ||
| 260 |
_aLondon, _bRoyal Institution of Chartered Surveyors, _cFebruary 2021 |
||
| 300 | _a78p | ||
| 490 | _aRICS professional standard | ||
| 490 | _aRICS Guidance Note | ||
| 520 | _aThis standard was prepared by the members of the RICS Boundaries Expert Working Group working under the auspices of the RICS Boundaries and Party Walls Working Group (B&PWWG). It supersedes the 3rd edition and is effective from 1 May 2021. | ||
| 520 | _aPart 2: Professional Conduct; Part 3: Setting up the project; Part 4: Research, title deeds etc; Part 5: Site visit, measured survey and photography; Part 6: The report; Part 7 - Alternative Dispute Resolution, mediation of boundary disputes; Part 9: Recording the outcome in HM Land Registry. Includes Appendices for: Mediation process and outline boundary agreement; Suggested Checklist for boundary disputes; Model of terms of business for boundary disputes; Entering neighbouring land advice; Boundaries relating to highways and public rights of way | ||
| 520 | _aThis document was reissued in October 2022 as a professional standard. It was previously published in February 2021 as a Guidance Note. The regulatory requirements remain the same | ||
| 650 | _aBOUNDARY DETERMINATION | ||
| 650 | _aBOUNDARIES | ||
| 651 | _aUnited Kingdom | ||
| 690 |
_96221 _aBoundary disputes |
||
| 690 |
_96251 _aLand use |
||
| 710 | _aRoyal Institution of Chartered Surveyors | ||
| 856 |
_uhttps://www.rics.org/profession-standards/rics-standards-and-guidance/sector-standards/land-standards/boundaries-procedures-for-boundary-identification-demarcation-and-dispute-resolution-rics-guidance-note-4th-edition _zAvailable on RICS.org |
||
| 942 | _n0 | ||
| 999 |
_c121259 _d121259 |
||